World Literature (Record no. 57291)
[ view plain ]
| 000 -LEADER | |
|---|---|
| fixed length control field | 00306nam a22001457a 4500 |
| 008 - FIXED-LENGTH DATA ELEMENTS--GENERAL INFORMATION | |
| fixed length control field | 210512b ||||| |||| 00| 0 eng d |
| 020 ## - INTERNATIONAL STANDARD BOOK NUMBER | |
| International Standard Book Number | 9780844254807 |
| 041 ## - LANGUAGE CODE | |
| Language code of text/sound track or separate title | eng |
| 080 ## - UNIVERSAL DECIMAL CLASSIFICATION NUMBER | |
| Universal Decimal Classification number | 82 |
| 082 ## - DEWEY DECIMAL CLASSIFICATION NUMBER | |
| Classification number | 82 |
| 100 ## - Rafti | |
| Rafti | 21 |
| 101 ## - Shkurtesa | |
| Shkurtesa | GJL |
| 245 ## - TITLE STATEMENT | |
| Title | World Literature |
| Statement of responsibility, etc | Rosenberg,D |
| 942 ## - ADDED ENTRY ELEMENTS (KOHA) | |
| Source of classification or shelving scheme | |
| Item type | Books |
| Withdrawn status | Lost status | Source of classification or shelving scheme | Damaged status | Not for loan | Collection code | Permanent location | Current location | Shelving location | Date acquired | Total Checkouts | Full call number | Barcode | Date last seen | Price effective from | Koha item type |
|---|---|---|---|---|---|---|---|---|---|---|---|---|---|---|---|
| Koleksioni i përgjithshem | UBT - Lipjan | UBT - Lipjan | Koleksioni i përgjithshem | 05/12/2021 | 82 ROS | 002-5000061 | 05/12/2021 | 05/12/2021 | Books | ||||||
| Koleksioni i përgjithshem | UBT - Lipjan | UBT - Lipjan | Koleksioni i përgjithshem | 05/12/2021 | 82 ROS | 002-5000064 | 05/12/2021 | 05/12/2021 | Books | ||||||
| Koleksioni i përgjithshem | UBT - Lipjan | UBT - Lipjan | Koleksioni i përgjithshem | 05/12/2021 | 82 ROS | 002-5000060 | 05/12/2021 | 05/12/2021 | Books | ||||||
| Koleksioni i përgjithshem | UBT - Lipjan | UBT - Lipjan | Koleksioni i përgjithshem | 05/12/2021 | 82 ROS | 002-5000055 | 05/12/2021 | 05/12/2021 | Books | ||||||
| Koleksioni i përgjithshem | UBT - Lipjan | UBT - Lipjan | Koleksioni i përgjithshem | 05/12/2021 | 82 ROS | 002-5000387 | 05/12/2021 | 05/12/2021 | Books |